000 01051nam a22003257a 4500
001 BR2012001958
003 BR-BrBNA
005 20230928103926.0
007 ta
008 230509b bl.||||| |||| 00| 0 por d
040 _aBR-BrBNA
_bpor
_cBiblioteca Nacional de Agricultura
041 _a(Por)
072 _aF06; F08
_b2120
_b1122
090 _ 2120 BR2012001958
100 1 _aColares, M. de F.B.
110 1 _aUniversidade Federal de Lavras, MG (Brasil)
_0Tese (Mestrado)
245 1 _aViabilidade técnica e econômica da cafeicultura irrigada por aspersão consorciada com mamão no Projeto Jaíba-MG
260 3 _aLavras, MG (Brasil):
_c2011.
300 _a92 p.
500 _aSummaries (Eng, Por); Bibliography p. 87-92; 31 tables; 14 illus.
650 _aCAFÉ
650 _aMAMÃO
650 _aCONSORCIAÇÃO DE CULTURA
650 _aIRRIGAÇÃO POR ASPERSÃO
650 _aANÁLISE ECONÔMICA
650 _aAGRICULTURA FAMILIAR
650 _aCULTIVO INTERCALADO
909 _a202309
_bLucia
_c55
_dLucia Elande
942 _cBK
999 _c77271
_d77271